000
00221 a2200097 4500
001
49556
100
_a
AC Gimson
245
_a
An introduction to the english
260
_a
London
_b
Edward arnold
_c
090
_c
32082
_d
32082
942
_a
NUST-CAE
_c
M
_c
24539
999
_c
284629
_d
284629